01183cam a2200277Mc 450000500170000000800410001702000180005804000490007604100080012524501660013324600290029926000810032830000600040950400410046965000460051065000550055665000510061165100480066270000290071070000340073970000340077370000210080770000290082870000270085770000210088420161115090951.0110523s2010 ck abdofrn 000 0dspa d a9789588181622 aCO-BoUCMbspacJavier GarzóndHenry Ríos00aspa00aPerspectivas antropológicas sobre la Amazonia contemporáneacGabriel Cabrera Becerra ...[y otros autores.] ; compiladores Margarita Chaves y Carlos del Cairo13aAmazonia contemporánea3 aBogotá (Colombia)bICANHbEditorial Pontificia Universidad Javerianac2010 a677 páginasbilustraciones, mapas, gráficas y fotos aIncluye referencias bibliográficas aIdentidad culturalzAmazonía (Región) aIndígenas del AmazonasxVida social y costumbres aAntropología culturalzAmazonía (Región) 4aAmazonía (Región)xCondiciones sociales1 aCabrera Becerra, Gabriel1 aCairo, Carlos delecompilador1 aChaves, Margaritaecompilador1 aConklin, Beth A.1 aEcheverri, Juan Álvaro1 aFranky, Carlos Eduardo1 aFreire, Germán